History Quiz

Random History or Word Play Quiz

Famous Quotes About 'C' Quiz Stats

 Plays Quiz Updated Apr 14, 2016

Support Sporcle.
Go Orange.
Score 0/28 Timer 08:00
2 Plays Today
% Correct
Chocolates
99.4%
Change
98.9%
Cheats
97.7%
Clock
96%
Creating
95.6%
Children
94.5%
Coal
94.2%
Challenge
92.2%
Crime
92.1%
Cry
92.1%
Complain
92%
Committee
89.9%
Cheese
89.8%
Cockroach
88.8%
% Correct
Conscience
88.7%
Comedy
88.1%
Cynic
87.7%
Courage
86.7%
Caterpillar
83.5%
Cake
81.4%
Company
80.9%
Censorship
76.9%
Charity
75.1%
Creativity
71.4%
Criticism
71%
Cemetery
70.6%
Curiosity
63.6%
Character
53.6%

From the Vault

2017 NCAA Tournament Mascot Match

by Dano

Sports 10m
Generally speaking, sports mascots are pretty creepy.
Remove Ads.
Support Sporcle.
Get the best of Sporcle when you Go Orange. This ad-free experience offers more features, more stats, and more fun while also helping to support Sporcle. Thank you for becoming a member.

Show Comments

Extras

Top Quizzes Today


Score Distribution

Your Account Isn't Verified!

In order to create a playlist on Sporcle, you need to verify the email address you used during registration. Go to your Sporcle Settings to finish the process.

Report this User

Report this user for behavior that violates our Community Guidelines.

Details: